000
00503nam a2200169Ia 4500
008
090711s9999 xx 000 0 und d
082
_b
79029
100
_a
भागवत सरोज नं.
245
_a
निगराणी
260
_b
गौरी प्रकाशन
_c
1996
300
_a
232
600
_a
भागवत सरोज नं.
630
_a
निगराणी
700
_a
भागवत सरोज नं.
730
_a
निगराणी
942
_c
BOOK
999
_c
291143
_d
291143